000 00666cam a22002293a 4500
001 28162
003 PGUSA
005 20140828083616.0
008 090223s2009||||xxu|||||s|||||000 1 eng d
040 _aPGUSA
_beng
042 _adc
050 4 _aPR
100 1 _aWoods, Margaret L.
_q(Margaret Louisa),
_d1856-1945
245 1 4 _aThe Invader :
_bA Novel
_h[electronic resource] /
_cMargaret L. Woods
260 _bProject Gutenberg,
_c2009
506 _aPublic domain in the USA.
516 _aElectronic text
653 _aMultiple personality -- Fiction
830 0 _aProject Gutenberg
_v28162
856 4 0 _uhttp://www.gutenberg.org/ebooks/28162
942 _cEB
999 _c257417
_d257417